Seize The Day - Newsies The Musical - Lyrics - Statistics

General Stats
  • This quiz has been taken 139 times
  • The average score is 226 of 286
Answer Stats
Character Lyric % Correct
a
100%
day
100%
seize
100%
the
100%
and
99%
And
99%
No
97%
Davey | Davey, Jack, Crutchie, Race | Jack | Newsies Now
95%
now!
95%
We
95%
we
95%
is
93%
time
93%
to
93%
be
91%
us
87%
will
87%
by
85%
for
85%
not
85%
one
85%
One
85%
that
85%
you
84%
our
83%
right
83%
stand
83%
how
81%
it
81%
when
81%
down
80%
let
80%
Let
80%
who
80%
odds
79%
say
79%
can
77%
Minute
77%
minute,
77%
Stare
77%
strike
77%
Strike!
77%
win
77%
don't
76%
fight
76%
follow
76%
in
76%
others
76%
proud
76%
Proud
76%
that's
76%
as
75%
brothers,
75%
through
75%
Too
75%
too
75%
hide
73%
If
73%
number
73%
starts
73%
still
73%
did
72%
few
72%
find
72%
side
72%
You're
72%
all
71%
becomes
71%
Davey & Jack Behold
71%
damn
71%
way
71%
We'll
71%
begun
69%
Courage
69%
delay
69%
erase
69%
face
69%
brave
68%
we're
68%
battalion
67%
Newsies Once
67%
somehow
67%
obey!
65%
Someday
65%
vow
65%
prayer
64%
call
63%
giant
63%
stands
63%
their
63%
we've
63%
But
61%
cannot
61%
fears
61%
hear
61%
Tell
61%
power
60%
slay
60%
those
60%
tower
60%
safe
59%
Davey | Newsies Answer
57%
defiant
57%
loud
55%
Then
55%
break
53%
clear
53%
make
53%
united
53%
Jack | Newsies Like
52%
Oh
52%
see
52%
'em
51%
near
51%
drawing
49%
or
49%
righted
49%
Wrongs
49%
here
48%
Judgement
48%
Harlem,
47%
look
44%
what's
44%
Houston
40%
done
39%
Nothing
39%
pay
39%
quit
39%
before
37%
gonna
37%
there's
37%
They're
37%
hell
35%
No matching quizzes found
Score Distribution
Percent of People with Each Score
Percentile by Number Answered
Your Score History
You have not taken this quiz